[Event "1st WMSG Rapid Team"]
[Site "Beijing CHN"]
[Date "2008.10.15"]
[Round "5"]
[White "Paragua, M."]
[Black "Kulaots, K."]
[Result "0-1"]
[WhiteElo "2526"]
[BlackElo "2556"]
[PlyCount "148"]
[EventDate "2008.10.14"]
[SourceDate "1999.07.01"]

1. e4 c5 2. Nf3 d6 3. d4 Nf6 4. Nc3 cxd4 5. Nxd4 a6 6. Be2 e5 7. Nb3 Be7 8. O-O
O-O 9. Be3 Be6 10. a4 Nc6 11. Qd2 Rc8 12. a5 Nb4 13. Bb6 Qd7 14. f4 Rfe8 15.
Rad1 Qc6 16. Bf3 Qc4 17. f5 Bd7 18. Kh1 h6 19. Rf2 Qc6 20. g4 Nh7 21. Bg2 Qc4
22. Bf1 Qc6 23. Rg2 Nf6 24. g5 Nxe4 25. Nxe4 Qxe4 26. Re1 Qh4 27. c3 Bxg5 28.
Rxg5 hxg5 29. cxb4 Rc2 30. Qxc2 Qxe1 31. Kg1 Qxb4 32. Nd2 e4 33. Be3 Qxa5 34.
Nc4 Qc7 35. Qd2 Bxf5 36. Qxd6 Rc8 37. Qd4 Be6 38. Nd2 Rd8 39. Qxe4 Bd5 40. Qg4
f6 41. Nf3 Qe7 42. Bf2 Qe4 43. Qxe4 Bxe4 44. Nd4 Rc8 45. Be3 Kf7 46. Bh3 Rc7
47. Kf2 Ke7 48. Ke2 a5 49. Kd2 a4 50. Bf1 Rc8 51. Bb5 Ra8 52. Ne2 Bc6 53. Bd3
Rh8 54. Bg1 Rh4 55. Nd4 Bd7 56. Nf3 Rf4 57. Ke3 Rb4 58. Kd2 Rxb2+ 59. Kc3 Rb3+
60. Kc2 Kd6 61. Nd4 Ra3 62. Bc4 Ra1 63. Bf2 Rh1 64. Ne2 Rxh2 65. Bg3+ Kc5 66.
Bxh2 Kxc4 67. Ng3 b5 68. Kb2 b4 69. Ne4 a3+ 70. Ka2 Kd4 71. Nd6 Be6+ 72. Kb1 g4
73. Bg3 Ke3 74. Be1 b3 0-1

[Event "1st WMSG Rapid Team KO"]
[Site "Beijing CHN"]
[Date "2008.10.17"]
[Round "2.2"]
[White "Li Chao2"]
[Black "Aveskulov, V."]
[Result "1-0"]
[WhiteElo "2622"]
[BlackElo "2544"]
[PlyCount "99"]
[EventDate "2008.10.14"]
[SourceDate "1999.07.01"]

1. e4 c5 2. Nf3 d6 3. d4 Nf6 4. Nc3 cxd4 5. Nxd4 a6 6. f4 e5 7. Nf3 Nbd7 8. a4
Be7 9. Bd3 O-O 10. O-O exf4 11. Bxf4 Ne5 12. Kh1 Qc7 13. Nd4 Be6 14. a5 Rfe8
15. Bg5 Nfg4 16. Bf4 Nf6 17. h3 Bf8 18. Bg5 Nfd7 19. Nf5 g6 20. Ne3 Bg7 21.
Ncd5 Qc5 22. b4 Qd4 23. Be2 Nc6 24. c3 Qxd1 25. Raxd1 Rac8 26. Nc4 Bxd5 27.
Rxd5 Be5 28. Nxd6 Bxd6 29. Rxd6 Nf8 30. Bc4 Ne5 31. Bd5 Rc7 32. Bd8 Rxc3 33.
Bb6 Re7 34. Bd4 Rcc7 35. Rd8 Rcd7 36. Rxd7 Nfxd7 37. Bxb7 Nb8 38. Bd5 Nbc6 39.
Bc3 Kf8 40. Rf6 Rc7 41. Bxe5 Nxe5 42. Rxa6 h5 43. Rf6 Rc1+ 44. Kh2 Ke7 45. Rb6
h4 46. a6 Rc2 47. Kg1 Nd3 48. Rb7+ Kd6 49. Rxf7 Rc1+ 50. Rf1 1-0

[Event "Autumn-3"]
[Site "Alushta UKR"]
[Date "2008.09.23"]
[Round "12"]
[White "Belikov, V."]
[Black "Kovalev, An"]
[Result "1/2-1/2"]
[WhiteElo "2536"]
[BlackElo "2550"]
[PlyCount "36"]
[EventDate "2008.09.14"]
[SourceDate "1999.07.01"]

1. e4 c5 2. Nf3 d6 3. d4 cxd4 4. Nxd4 Nf6 5. Nc3 a6 6. Be2 e5 7. Nb3 Be7 8. O-O
O-O 9. Kh1 Nc6 10. a4 Be6 11. f4 exf4 12. Bxf4 d5 13. e5 Ne4 14. Bd3 f5 15.
exf6 Bxf6 16. Nxe4 dxe4 17. Bxe4 Qxd1 18. Raxd1 Bc4 1/2-1/2

[Event "IX GM"]
[Site "Banja Luka BIH"]
[Date "2008.09.08"]
[Round "9"]
[White "Heberla, B."]
[Black "Gopal, G."]
[Result "1/2-1/2"]
[WhiteElo "2510"]
[BlackElo "2572"]
[PlyCount "40"]
[EventDate "2008.09.29"]
[SourceDate "1999.07.01"]

1. e4 c5 2. Nf3 d6 3. d4 cxd4 4. Nxd4 Nf6 5. Nc3 a6 6. Be2 e5 7. Nb3 Be7 8. Bg5
Be6 9. Bxf6 Bxf6 10. Nd5 Bg5 11. h4 Be7 12. Qd3 Nd7 13. Nxe7 Qxe7 14. Rd1 Nf6
15. Qxd6 Qxd6 16. Rxd6 Rc8 17. c3 Nxe4 18. Rb6 Bd5 19. Bf3 Kd7 20. Rb4 f5
1/2-1/2

[Event "5th DA Tan Malaysian Open"]
[Site "Kuala Lumpur MAS"]
[Date "2008.08.20"]
[Round "5"]
[White "Dzhumaev, M."]
[Black "Li Shilong"]
[Result "1-0"]
[WhiteElo "2549"]
[BlackElo "2511"]
[PlyCount "77"]
[EventDate "2008.08.18"]
[SourceDate "1999.07.01"]

1. e4 c5 2. Nf3 d6 3. d4 cxd4 4. Nxd4 Nf6 5. Nc3 a6 6. Be3 e5 7. Nb3 Be6 8. f3
Be7 9. Qd2 O-O 10. O-O-O a5 11. a4 Nc6 12. g4 Nb4 13. g5 Nh5 14. Kb1 Rc8 15.
Bb5 f5 16. Qf2 Bxg5 17. Bb6 Qe7 18. Bxa5 Nc6 19. Bb6 fxe4 20. Nxe4 Nb4 21. Rxd6
Rxc2 22. Qe1 Rxf3 23. Nbc5 Ba2+ 24. Ka1 Rc1+ 25. Qxc1 Bxc1 26. Rxc1 Bd5 27. Bd8
Qf7 28. Ba5 Qf4 29. Rd8+ Kf7 30. Be8+ Ke7 31. Rd7+ Kf8 32. Ne6+ Bxe6 33. Bxb4+
Kxe8 34. Re7+ Kd8 35. Rd1+ Kc8 36. Nd6+ Kb8 37. Re8+ Ka7 38. Nb5+ Ka6 39. Ra8+
1-0

[Event "5th DA Tan Malaysian Open"]
[Site "Kuala Lumpur MAS"]
[Date "2008.08.23"]
[Round "9"]
[White "Dzhumaev, M."]
[Black "Li Chao2"]
[Result "0-1"]
[WhiteElo "2549"]
[BlackElo "2590"]
[PlyCount "84"]
[EventDate "2008.08.18"]
[SourceDate "1999.07.01"]

1. e4 c5 2. Nf3 d6 3. d4 cxd4 4. Nxd4 Nf6 5. Nc3 a6 6. Be3 e5 7. Nb3 Be7 8. f3
Be6 9. Qd2 O-O 10. O-O-O a5 11. Kb1 a4 12. Nc1 a3 13. b3 Ra5 14. f4 exf4 15.
Bxf4 d5 16. e5 Nfd7 17. Nb5 Nc6 18. Qe3 Nc5 19. c3 Ne4 20. b4 Bf5 21. Ka1 Nxb4
22. Nd4 Bg6 23. cxb4 Bxb4 24. Bd3 Bc3+ 25. Kb1 Bxd4 26. Qxd4 Ra4 27. Qe3 Nc3+
28. Ka1 Nxd1 29. Rxd1 Qc8 30. Bxg6 Rxf4 31. Bh5 Qc2 32. Qd2 Qf5 33. Nd3 Rd4 34.
Bf3 Rc8 35. Kb1 h6 36. Qe3 Rcc4 37. h3 Qg6 38. Ka1 Qb6 39. Rb1 Qc7 40. e6 Rxd3
41. Qe1 Re4 42. exf7+ Qxf7 0-1

[Event "Bundesliga 2008-9"]
[Site "Trier GER"]
[Date "2008.10.03"]
[Round "7"]
[White "Lupulescu, C."]
[Black "Feller, S."]
[Result "1/2-1/2"]
[WhiteElo "2594"]
[BlackElo "2526"]
[PlyCount "53"]
[EventDate "2008.10.03"]
[SourceDate "1999.07.01"]

1. e4 c5 2. Nf3 d6 3. d4 Nf6 4. Nc3 cxd4 5. Nxd4 a6 6. h3 e5 7. Nde2 h5 8. g3
Be7 9. Bg2 Be6 10. O-O O-O 11. f4 Nbd7 12. f5 Bc4 13. b3 Bxe2 14. Qxe2 Rc8 15.
Nd1 Qb6+ 16. Kh2 Qc6 17. c3 b5 18. Bd2 Qb6 19. Bf3 d5 20. exd5 h4 21. Nf2 hxg3+
22. Kxg3 e4 23. Nxe4 Rfe8 24. Kg2 Nxe4 25. Qxe4 Bf6 26. Qc2 Bxc3 27. Rae1
1/2-1/2

[Event "Bundesliga 2008-9"]
[Site "Hamburg GER"]
[Date "2008.10.04"]
[Round "1"]
[White "Sokolov, And1"]
[Black "Kempinski, R."]
[Result "1-0"]
[WhiteElo "2559"]
[BlackElo "2595"]
[PlyCount "101"]
[EventDate "2008.10.03"]
[SourceDate "1999.07.01"]

1. e4 c5 2. Nf3 d6 3. d4 cxd4 4. Nxd4 Nf6 5. Nc3 a6 6. f4 e6 7. Be2 Be7 8. O-O
O-O 9. Kh1 Qc7 10. a4 Nc6 11. Be3 Re8 12. Bf3 Rb8 13. g4 Nd7 14. g5 b6 15. Bg2
Bb7 16. Qh5 g6 17. Qh3 Bf8 18. Rad1 Nb4 19. Rd2 Rbd8 20. f5 exf5 21. exf5 Bxg2+
22. Rxg2 Qb7 23. Rf4 Bg7 24. Ne6 fxe6 25. f6 Ne5 26. Rxb4 Bf8 27. Rxb6 Qa8 28.
Bd4 Nf7 29. Qd3 a5 30. Ra6 Qb7 31. Ra7 Qc6 32. h4 e5 33. Bg1 d5 34. h5 e4 35.
Qh3 Qe6 36. Qxe6 Rxe6 37. hxg6 hxg6 38. Bd4 Bb4 39. Kg1 Rc6 40. Nb5 Bd6 41.
Nxd6 Rdxd6 42. Rxa5 Ra6 43. Rxa6 Rxa6 44. b3 Nd6 45. c3 Nf5 46. Ra2 Kf7 47. a5
Ke6 48. b4 Nd6 49. Bc5 Nb5 50. Rf2 Kf7 51. Rh2 1-0

[Event "Bundesliga 2008-9"]
[Site "Trier GER"]
[Date "2008.10.05"]
[Round "2"]
[White "Naiditsch, A."]
[Black "Feller, S."]
[Result "1-0"]
[WhiteElo "2678"]
[BlackElo "2526"]
[PlyCount "53"]
[EventDate "2008.10.03"]
[SourceDate "1999.07.01"]

1. e4 c5 2. Nf3 d6 3. d4 Nf6 4. Nc3 cxd4 5. Nxd4 a6 6. Bc4 e6 7. Bb3 b5 8. Bg5
Be7 9. Qf3 Qc7 10. e5 Bb7 11. exd6 Bxd6 12. Qe3 Nc6 13. Nf5 O-O-O 14. Nxd6+
Qxd6 15. f3 Nd4 16. Ne4 Bxe4 17. fxe4 Qc5 18. c3 Nxb3 19. axb3 Qxe3+ 20. Bxe3
Kb7 21. Bg5 e5 22. Rf1 Rd6 23. Bxf6 gxf6 24. Rd1 Rhd8 25. Rxd6 Rxd6 26. Ke2 b4
27. Rd1 1-0

[Event "Bundesliga 2008-9"]
[Site "Solingen GER"]
[Date "2008.10.05"]
[Round "2"]
[White "Najer, E."]
[Black "Kasimdzhanov, R."]
[Result "1/2-1/2"]
[WhiteElo "2682"]
[BlackElo "2672"]
[PlyCount "56"]
[EventDate "2008.10.03"]
[SourceDate "1999.07.01"]

1. e4 c5 2. Nf3 d6 3. d4 cxd4 4. Nxd4 Nf6 5. Nc3 a6 6. Bg5 e6 7. f4 Qc7 8. Bxf6
gxf6 9. Qd2 b5 10. Be2 Bb7 11. Bh5 Ke7 12. O-O-O b4 13. Nd5+ exd5 14. exd5 Kd8
15. Qxb4 Bxd5 16. Nf5 Be6 17. Nxd6 Nd7 18. Qe4 Bxd6 19. Qxa8+ Ke7 20. Qxh8
Bxf4+ 21. Kb1 Qa5 22. Rxd7+ Kxd7 23. b3 Qxh5 24. Qxf6 Be5 25. Qf1 Bg7 26. Qxa6
Qe5 27. Rd1+ Kc7 28. Qa7+ Kc8 1/2-1/2

[Event "17th CRO-chT 1a"]
[Site "Sibenik CRO"]
[Date "2008.09.28"]
[Round "2"]
[White "Almasi, Z."]
[Black "Brkic, A."]
[Result "1-0"]
[WhiteElo "2668"]
[BlackElo "2530"]
[PlyCount "77"]
[EventDate "2008.09.27"]
[SourceDate "1999.07.01"]

1. e4 c5 2. Nf3 d6 3. d4 cxd4 4. Nxd4 Nf6 5. Nc3 a6 6. Be3 e5 7. Nf3 Be7 8. Bc4
O-O 9. O-O Be6 10. Bb3 Nc6 11. Bg5 Nd7 12. Bxe7 Qxe7 13. Nd5 Qd8 14. Qe2 Nc5
15. Rad1 Kh8 16. h3 f5 17. Nc3 fxe4 18. Nxe4 Nxb3 19. axb3 d5 20. Nc3 Qd6 21.
Rfe1 Qc5 22. Nxe5 Nxe5 23. Qxe5 Qxf2+ 24. Kh2 Rae8 25. Re2 Qf7 26. Qd6 h6 27.
Rde1 Bf5 28. Rf1 Qg6 29. Qxg6 Bxg6 30. Rxf8+ Rxf8 31. Nxd5 Rf1 32. Kg3 Rc1 33.
Ne3 Kh7 34. Kf4 b5 35. b4 Ra1 36. Ke5 a5 37. bxa5 Rxa5 38. Kd4 Ra4+ 39. Kc5 1-0

[Event "17th CRO-chT 1a"]
[Site "Sibenik CRO"]
[Date "2008.09.03"]
[Round "7"]
[White "Predojevic, B."]
[Black "Brkic, A."]
[Result "1/2-1/2"]
[WhiteElo "2634"]
[BlackElo "2530"]
[PlyCount "32"]
[EventDate "2008.09.27"]
[SourceDate "1999.07.01"]

1. e4 c5 2. Nf3 d6 3. d4 cxd4 4. Nxd4 Nf6 5. Nc3 a6 6. Be3 e6 7. g4 h6 8. f4 e5
9. Nf5 h5 10. gxh5 exf4 11. Bxf4 Nxh5 12. Nxd6+ Bxd6 13. Bxd6 Qh4+ 14. Kd2 Qg5+
15. Ke1 Qh4+ 16. Kd2 Qg5+ 1/2-1/2

[Event "17th CRO-chT 1a"]
[Site "Sibenik CRO"]
[Date "2008.09.05"]
[Round "9"]
[White "Predojevic, B."]
[Black "Sasikiran, K."]
[Result "1/2-1/2"]
[WhiteElo "2634"]
[BlackElo "2684"]
[PlyCount "60"]
[EventDate "2008.09.27"]
[SourceDate "1999.07.01"]

1. e4 c5 2. Nf3 d6 3. d4 cxd4 4. Nxd4 Nf6 5. Nc3 a6 6. Bg5 e6 7. f4 Nbd7 8. Qf3
Qc7 9. O-O-O b5 10. Bxf6 Nxf6 11. e5 Bb7 12. Qh3 dxe5 13. Ncxb5 Qb6 14. fxe5
Ne4 15. Bc4 Bc5 16. Nxe6 fxe6 17. Nd6+ Nxd6 18. Qxe6+ Kd8 19. exd6 Re8 20. Qg4
Be3+ 21. Kb1 Qc5 22. Qxg7 Qxc4 23. b3 Qc5 24. Qxb7 Ra7 25. Qf3 Bd4 26. Rd3 Bg7
27. Rhd1 Qe5 28. c3 Qe4 29. Qxe4 Rxe4 30. c4 Re5 1/2-1/2

[Event "Podillya It"]
[Site "Khmelnitsky UKR"]
[Date "2008.10.02"]
[Round "10"]
[White "Onischuk, V."]
[Black "Zakhartsov, Vi"]
[Result "1/2-1/2"]
[WhiteElo "2506"]
[BlackElo "2556"]
[PlyCount "104"]
[EventDate "2008.09.27"]
[SourceDate "1999.07.01"]

1. e4 c5 2. Nf3 d6 3. d4 cxd4 4. Nxd4 Nf6 5. Nc3 a6 6. Be2 e5 7. Nb3 Be7 8. Bg5
Be6 9. Bxf6 Bxf6 10. Nd5 Bg5 11. h4 Be7 12. Qd3 O-O 13. g3 Bxd5 14. Qxd5 Qc7
15. c3 Nd7 16. O-O Nf6 17. Qd3 Qc6 18. Bf3 b5 19. Rfd1 Qb6 20. Nd2 Rfc8 21. a3
a5 22. Nf1 b4 23. cxb4 axb4 24. a4 b3 25. Ne3 Qb4 26. a5 Rxa5 27. Rxa5 Qxa5 28.
Qxb3 g6 29. h5 Qc7 30. Rb1 Bf8 31. Qd3 Rb8 32. b3 Qc5 33. Kg2 Be7 34. Nc2 Rc8
35. Ne3 Rb8 36. Nc4 Ne8 37. Ne3 Nf6 38. Qd2 Qb5 39. Qc2 Qd7 40. Rd1 Qb7 41. Rd3
Rc8 42. Rc3 Rxc3 43. Qxc3 Qb8 44. Qc4 Qb7 45. b4 d5 46. exd5 Qxb4 47. Qc8+ Kg7
48. hxg6 hxg6 49. Qc1 Qd4 50. Qd1 Qxd1 51. Bxd1 Bc5 52. Nc4 Nxd5 1/2-1/2

[Event "4th Pichay Cup"]
[Site "Manila PHI"]
[Date "2008.09.18"]
[Round "8"]
[White "Shanava, K."]
[Black "Li Shilong"]
[Result "0-1"]
[WhiteElo "2522"]
[BlackElo "2511"]
[PlyCount "82"]
[EventDate "2008.09.14"]
[SourceDate "1999.07.01"]

1. e4 c5 2. Nf3 d6 3. d4 cxd4 4. Nxd4 Nf6 5. Nc3 a6 6. f4 e5 7. Nf3 Nbd7 8. Bd3
b5 9. O-O Bb7 10. a3 g6 11. Kh1 Bg7 12. Qe1 O-O 13. f5 gxf5 14. Nh4 f4 15. Nf5
Nc5 16. Bxf4 exf4 17. Rxf4 Bc8 18. Nxg7 Kxg7 19. e5 Ng4 20. Be4 Nxe4 21. Qxe4
dxe5 22. Rxg4+ Bxg4 23. Qxg4+ Kh8 24. Rf1 f5 25. Rxf5 Qd2 26. h3 Qc1+ 27. Kh2
Rxf5 28. Qxf5 Qf4+ 29. Qxf4 exf4 30. a4 bxa4 31. Nxa4 Rd8 32. c3 Rd2 33. Kg1
Kg7 34. Nc5 Rxb2 35. Nxa6 Kf6 36. Nc5 Kf5 37. Nd3 Rc2 38. Ne1 Rxc3 39. Nf3 Rxf3
40. gxf3 Ke5 41. h4 h5 0-1

[Event "4th Pichay Cup"]
[Site "Manila PHI"]
[Date "2008.09.18"]
[Round "8"]
[White "Dzhumaev, M."]
[Black "Nolte, R."]
[Result "0-1"]
[WhiteElo "2549"]
[BlackElo "2522"]
[PlyCount "108"]
[EventDate "2008.09.14"]
[SourceDate "1999.07.01"]

1. e4 c5 2. Nf3 d6 3. d4 cxd4 4. Nxd4 Nf6 5. Nc3 a6 6. Be3 e6 7. f3 b5 8. Qd2
Bb7 9. O-O-O Be7 10. g4 Nc6 11. g5 Nd7 12. Nxc6 Bxc6 13. Ne2 Rc8 14. Nd4 Bb7
15. h4 Ne5 16. h5 Qc7 17. Qg2 Nc4 18. Bxc4 Qxc4 19. Kb1 d5 20. e5 Qc7 21. f4
Bc5 22. g6 Bxd4 23. Bxd4 fxg6 24. hxg6 h6 25. f5 exf5 26. e6 Qe7 27. Rde1 O-O
28. Qe2 Rc4 29. c3 Bc8 30. Qe5 Re8 31. Qxd5 Bxe6 32. Qe5 Rcc8 33. Ka1 Qd7 34.
Qf4 Bd5 35. Rhg1 Re4 36. Rxe4 Bxe4 37. Qe5 Re8 38. Qf4 Qc6 39. Re1 a5 40. b3
Qd7 41. Rd1 Qc6 42. Be5 b4 43. c4 Qxg6 44. c5 Kh7 45. Bb2 Re7 46. Qb8 Rd7 47.
Rc1 Qc6 48. Qf8 Qg6 49. Qc8 Qc6 50. Qf8 Qg6 51. Qb8 Rd2 52. Qe5 Qg2 53. c6 Rc2
54. Rxc2 Bxc2 0-1

[Event "DMP Ekstraliga"]
[Site "Karpacz POL"]
[Date "2008.09.09"]
[Round "4"]
[White "Bartel, Mat"]
[Black "Gajewski, G."]
[Result "1/2-1/2"]
[WhiteElo "2579"]
[BlackElo "2575"]
[PlyCount "77"]
[EventDate "2008.09.06"]
[SourceDate "1999.07.01"]

1. e4 c5 2. Nf3 d6 3. d4 cxd4 4. Nxd4 Nf6 5. Nc3 a6 6. f4 Nbd7 7. Bd3 g6 8. g4
Bg7 9. g5 Nh5 10. Be2 e5 11. fxe5 dxe5 12. Nf5 gxf5 13. exf5 Nf4 14. Bxf4 exf4
15. f6 O-O 16. fxg7 Re8 17. Qd5 f3 18. Rf1 Ne5 19. Qxd8 Rxd8 20. Bxf3 Bh3 21.
Rf2 Nxf3+ 22. Rxf3 Be6 23. Rf4 Kxg7 24. a4 Kg6 25. h4 Bf5 26. Ne2 Bxc2 27. Rc1
Rac8 28. a5 Bf5 29. Rxc8 Rxc8 30. Nd4 Rc5 31. b4 Re5+ 32. Kf2 f6 33. Nf3 Rd5
34. Kg3 fxg5 35. hxg5 h6 36. gxh6 Kxh6 37. Rc4 Kg6 38. Kf4 Kf6 39. Rc7 1/2-1/2

[Event "DMP Ekstraliga"]
[Site "Karpacz POL"]
[Date "2008.09.09"]
[Round "4"]
[White "Miton, K."]
[Black "Czakon, J."]
[Result "1-0"]
[WhiteElo "2580"]
[BlackElo "2510"]
[PlyCount "67"]
[EventDate "2008.09.06"]
[SourceDate "1999.07.01"]

1. e4 c5 2. Nf3 d6 3. d4 cxd4 4. Nxd4 Nf6 5. Nc3 a6 6. Bc4 e6 7. Bb3 b5 8. Bg5
Be7 9. Qf3 Qc7 10. e5 Bb7 11. exd6 Bxd6 12. Qe3 Be5 13. O-O-O O-O 14. f4 Bxd4
15. Rxd4 Nbd7 16. Rhd1 Bc6 17. g4 a5 18. Bxf6 Nxf6 19. g5 Nd7 20. a4 b4 21. Ne4
Nb6 22. f5 Qe5 23. fxe6 fxe6 24. Qg3 Qxg3 25. Bxe6+ Kh8 26. hxg3 Nxa4 27. Nd6
g6 28. Nf7+ Kg7 29. Ne5 Be8 30. Nd7 Bxd7 31. Rxd7+ Kh8 32. Rc7 Nb6 33. Rh1 h5
34. g4 1-0

[Event "DMP Ekstraliga"]
[Site "Karpacz POL"]
[Date "2008.09.11"]
[Round "6"]
[White "Bartel, Mat"]
[Black "Czakon, J."]
[Result "1-0"]
[WhiteElo "2579"]
[BlackElo "2510"]
[PlyCount "63"]
[EventDate "2008.09.06"]
[SourceDate "1999.07.01"]

1. e4 c5 2. Nf3 d6 3. d4 cxd4 4. Nxd4 Nf6 5. Nc3 a6 6. Be3 e5 7. Nb3 Be7 8. Qd2
O-O 9. O-O-O Be6 10. f4 Nbd7 11. f5 Bxb3 12. cxb3 b5 13. Kb1 b4 14. Nd5 Nxd5
15. Qxd5 Nf6 16. Qd3 a5 17. Qc2 Qd7 18. Bc4 a4 19. g4 Nxg4 20. Bc1 axb3 21.
Bxb3 Rfc8 22. Qg2 Nf6 23. Bh6 Ne8 24. Rhg1 Bf6 25. Qh3 Kh8 26. Rd3 Qa7 27. Rdg3
Qe7 28. Qh5 Rc7 29. Rh3 g6 30. fxg6 fxg6 31. Rxg6 hxg6 32. Bg7+ 1-0

[Event "Open A"]
[Site "Vladimir RUS"]
[Date "2008.08.20"]
[Round "8"]
[White "Voitsekhovsky, S."]
[Black "Kokarev, Dm"]
[Result "1/2-1/2"]
[WhiteElo "2513"]
[BlackElo "2582"]
[PlyCount "76"]
[EventDate "2008.08.12"]
[SourceDate "1999.07.01"]

1. e4 c5 2. Nf3 d6 3. d4 cxd4 4. Nxd4 Nf6 5. Nc3 a6 6. Be2 e5 7. Nb3 Be7 8. O-O
O-O 9. Be3 Be6 10. Qd2 Nbd7 11. a4 Qc7 12. Rfd1 Nc5 13. Nxc5 dxc5 14. a5 Rfd8
15. Qe1 Rxd1 16. Qxd1 Rd8 17. Qf1 Qc6 18. f3 c4 19. Na4 Bb4 20. Bb6 Rc8 21. c3
Be7 22. Qf2 Nd7 23. Be3 Bd8 24. Nb6 Nxb6 25. axb6 Be7 26. Ra5 Qd6 27. h3 Rc6
28. Ra1 Qd8 29. Kh1 Bg5 30. Rd1 Qe7 31. Bxg5 Qxg5 32. f4 exf4 33. Qxf4 Qe7 34.
Qb8+ Rc8 35. Qd6 Qxd6 36. Rxd6 Kf8 37. Bf3 Ke7 38. e5 Rb8 1/2-1/2

[Event "61st ch-RUS HL"]
[Site "Novokuznetsk RUS"]
[Date "2008.09.12"]
[Round "9"]
[White "Smirnov, P."]
[Black "Nepomniachtchi, I."]
[Result "0-1"]
[WhiteElo "2592"]
[BlackElo "2602"]
[PlyCount "100"]
[EventDate "2008.09.03"]
[SourceDate "1999.07.01"]

1. e4 c5 2. Nf3 d6 3. d4 cxd4 4. Nxd4 Nf6 5. Nc3 a6 6. Bg5 e6 7. f4 Qb6 8. Qd2
Qxb2 9. Rb1 Qa3 10. e5 h6 11. Bh4 dxe5 12. fxe5 Nfd7 13. Ne4 Qxa2 14. Rd1 Qd5
15. Qe3 Qxe5 16. Be2 Bc5 17. Bg3 Bxd4 18. Rxd4 Qa5+ 19. Rd2 O-O 20. Bd6 Nc6 21.
g4 Qb6 22. Qh3 f5 23. g5 fxe4 24. Qxe6+ Kh8 25. gxh6 Qf2+ 26. Kd1 Qg2 27. hxg7+
Kxg7 28. Re1 Rf6 29. Qb3 Nde5 30. Bxe5 Nxe5 31. Qe3 Ng6 32. h4 Qf2 33. Qc3 Qb6
34. Kc1 Bf5 35. h5 Rc8 36. Bc4 Qc6 37. Rd4 b5 38. hxg6 bxc4 39. Rf1 Kxg6 40.
Qg3+ Kf7 41. Qg5 Rg8 42. Qh5+ Bg6 43. Rxf6+ Qxf6 44. Qd5+ Kg7 45. Qd7+ Qf7 46.
Qh3 Qf4+ 47. Kb1 Rb8+ 48. Ka2 c3 49. Qxc3 Bf7+ 50. Ka3 Qe5 0-1

[Event "61st ch-RUS HL"]
[Site "Novokuznetsk RUS"]
[Date "2008.09.13"]
[Round "10"]
[White "Nepomniachtchi, I."]
[Black "Najer, E."]
[Result "0-1"]
[WhiteElo "2602"]
[BlackElo "2670"]
[PlyCount "60"]
[EventDate "2008.09.03"]
[SourceDate "1999.07.01"]

1. e4 c5 2. Nf3 d6 3. d4 cxd4 4. Nxd4 Nf6 5. Nc3 a6 6. Be3 e5 7. Nb3 Be6 8. Qd2
Nbd7 9. O-O-O Be7 10. f4 b5 11. f5 Bc4 12. g4 Nxg4 13. Rg1 Ndf6 14. Be2 Nxe3
15. Qxe3 Bxe2 16. Qxe2 O-O 17. Rd3 b4 18. Qg2 g6 19. Ne2 Kh8 20. Rh3 Rg8 21.
Ng3 gxf5 22. exf5 Rc8 23. Kb1 Qc7 24. Rc1 a5 25. Nd2 d5 26. Rh6 e4 27. Qh3 Qf4
28. Ndf1 a4 29. Rh4 Qe5 30. Nh5 a3 0-1

[Event "61st ch-RUS HL"]
[Site "Novokuznetsk RUS"]
[Date "2008.09.13"]
[Round "10"]
[White "Shaposhnikov, E."]
[Black "Amonatov, F."]
[Result "1/2-1/2"]
[WhiteElo "2558"]
[BlackElo "2650"]
[PlyCount "92"]
[EventDate "2008.09.03"]
[SourceDate "1999.07.01"]

1. e4 c5 2. Nf3 d6 3. d4 cxd4 4. Nxd4 Nf6 5. Nc3 a6 6. Be3 g6 7. Be2 Bg7 8. O-O
O-O 9. Qd2 Nc6 10. f3 Bd7 11. Nd5 b5 12. Nxc6 Bxc6 13. Nxf6+ Bxf6 14. c4 Rb8
15. Rab1 b4 16. b3 Qc7 17. Rbc1 Rfd8 18. Rfd1 a5 19. Bd4 Bxd4+ 20. Qxd4 Be8 21.
c5 dxc5 22. Rxc5 Qb6 23. Rd5 Rxd5 24. exd5 Qxd4+ 25. Rxd4 Rd8 26. Kf2 Kg7 27.
Ke3 Kf6 28. f4 h6 29. h4 Rd6 30. g4 g5 31. fxg5+ hxg5 32. hxg5+ Kxg5 33. Re4 e6
34. dxe6 Rxe6 35. Rxe6 fxe6 36. Ke4 Bg6+ 37. Ke5 Bb1 38. Kxe6 Bxa2 39. Kd5
Bxb3+ 40. Kc5 Bc2 41. Bc4 b3 42. Bxb3 Bxb3 43. Kb5 a4 44. Kb4 Kxg4 45. Ka3 Kf4
46. Kb2 Ke3 1/2-1/2

[Event "61st ch-RUS HL"]
[Site "Novokuznetsk RUS"]
[Date "2008.09.14"]
[Round "11"]
[White "Lastin, A."]
[Black "Kokarev, Dm"]
[Result "1-0"]
[WhiteElo "2639"]
[BlackElo "2582"]
[PlyCount "79"]
[EventDate "2008.09.03"]
[SourceDate "1999.07.01"]

1. e4 c5 2. Nf3 d6 3. d4 cxd4 4. Nxd4 Nf6 5. Nc3 a6 6. Be3 e5 7. Nb3 Be6 8. f3
Nbd7 9. Qd2 b5 10. O-O-O Rc8 11. g4 Nb6 12. g5 Nh5 13. Na5 Qc7 14. Kb1 Be7 15.
Nd5 Nxd5 16. exd5 Bd7 17. c4 Bd8 18. Nc6 bxc4 19. Bxc4 Bxc6 20. dxc6 Qxc6 21.
Rc1 Qd7 22. Bxa6 Ra8 23. Bc4 O-O 24. Rhd1 Qh3 25. Ka1 Qh4 26. Rg1 Be7 27. Bd5
Rac8 28. Bxf7+ Kh8 29. Rxc8 Rxc8 30. Rg4 Qh3 31. Qg2 Qxg2 32. Rxg2 Nf4 33. Bxf4
exf4 34. a4 d5 35. Bxd5 g6 36. h4 Kg7 37. Re2 Bc5 38. Rc2 h6 39. gxh6+ Kxh6 40.
a5 1-0

[Event "61st ch-RUS HL"]
[Site "Novokuznetsk RUS"]
[Date "2008.09.14"]
[Round "11"]
[White "Vorobiov, E."]
[Black "Smirnov, P."]
[Result "1/2-1/2"]
[WhiteElo "2550"]
[BlackElo "2592"]
[PlyCount "90"]
[EventDate "2008.09.03"]
[SourceDate "1999.07.01"]

1. e4 c5 2. Nf3 d6 3. d4 cxd4 4. Nxd4 Nf6 5. Nc3 a6 6. Bg5 e6 7. f4 Nbd7 8. Qf3
Qc7 9. O-O-O b5 10. e5 Bb7 11. Qh3 dxe5 12. Nxe6 fxe6 13. Qxe6+ Be7 14. Bxf6
gxf6 15. Bxb5 axb5 16. Nxb5 Qc6 17. Nd6+ Kd8 18. Nxb7+ Kc7 19. Qxe7 Rxa2 20.
Rd6 Ra1+ 21. Kd2 Qxg2+ 22. Kc3 Qf3+ 23. Rd3 Qxh1 24. Nc5 Qc6 25. Rxd7+ Kb8 26.
b4 Qf3+ 27. Rd3 Ra3+ 28. Kc4 Rxd3 29. cxd3 Ka8 30. fxe5 Qg4+ 31. Kc3 Rb8 32. b5
Qg1 33. exf6 Qc1+ 34. Kd4 Qa1+ 35. Kd5 Qa2+ 36. Kc6 Qa5 37. Qe4 Ka7 38. Qe7+
Ka8 39. Qe4 Ka7 40. Qa4 Qxa4 41. Nxa4 Rf8 42. Kc7 Rf7+ 43. Kc8 Rf8+ 44. Kc7
Rf7+ 45. Kc8 Rf8+ 1/2-1/2

[Event "61st ch-RUS HL"]
[Site "Novokuznetsk RUS"]
[Date "2008.09.14"]
[Round "11"]
[White "Chuprov, D."]
[Black "Kabanov, N."]
[Result "1-0"]
[WhiteElo "2577"]
[BlackElo "2521"]
[PlyCount "49"]
[EventDate "2008.09.03"]
[SourceDate "1999.07.01"]

1. e4 c5 2. Nf3 d6 3. d4 cxd4 4. Nxd4 Nf6 5. Nc3 a6 6. Bc4 e6 7. Bb3 Nbd7 8. f4
Be7 9. f5 e5 10. Nde2 O-O 11. Ng3 b5 12. Bg5 Bb7 13. Bxf6 Nxf6 14. Nh5 Nxh5 15.
Qxh5 Rc8 16. O-O-O Bg5+ 17. Kb1 Be3 18. Rd3 Bd4 19. Nd5 Bxd5 20. Bxd5 Rc7 21.
c3 Bc5 22. g4 Qf6 23. g5 g6 24. Qh4 Qh8 25. Rf1 1-0

[Event "4th ch-EU"]
[Site "Liverpool ENG"]
[Date "2008.09.11"]
[Round "3"]
[White "Adams, Mi"]
[Black "Edouard, R."]
[Result "1-0"]
[WhiteElo "2735"]
[BlackElo "2508"]
[PlyCount "147"]
[EventDate "2008.09.09"]
[SourceDate "1999.07.01"]

1. e4 c5 2. Nf3 d6 3. d4 cxd4 4. Nxd4 Nf6 5. Nc3 a6 6. a4 Nc6 7. Be2 e5 8. Nb3
Be7 9. O-O O-O 10. Bg5 Be6 11. Bxf6 Bxf6 12. Nd5 Rc8 13. Bg4 Nd4 14. Bxe6 fxe6
15. Nxf6+ Qxf6 16. c3 Nxb3 17. Qxb3 Qe7 18. Rad1 Rf4 19. Rfe1 Rc6 20. Rd3 h6
21. Re2 Kh8 22. g3 Rf8 23. Red2 Rd8 24. Kg2 Qf7 25. h4 Qe7 26. a5 Qf7 27. Qa2
Qe7 28. Rd1 Rdc8 29. Qb3 Rd8 30. Qa3 Kh7 31. b4 Rdc8 32. Qb3 Qf7 33. R1d2 Qg6
34. Re3 Qf7 35. Rdd3 Qe7 36. Qd1 Qc7 37. Qg4 Qe7 38. Qd1 Qc7 39. h5 Kh8 40. Qd2
Kh7 41. Qd1 Kh8 42. Re2 Kh7 43. Red2 Rd8 44. Qg4 Qe7 45. Kg1 Kg8 46. Qd1 Kh8
47. Kg2 Qc7 48. Qb3 Qe7 49. c4 Rdc8 50. b5 Rxc4 51. bxa6 bxa6 52. Rxd6 Rxe4 53.
Qxe6 Qxe6 54. Rxe6 Rd4 55. Ra2 Ra8 56. Rxe5 Rd7 57. Rc2 Kg8 58. Rc6 Rd2 59. Rf5
Rd7 60. g4 Re7 61. Kg3 Kh7 62. f3 Kg8 63. Rfc5 Raa7 64. Rc8+ Kf7 65. Rf5+ Ke6
66. Rc6+ Kd7 67. Rg6 Ke8 68. Kf4 Rec7 69. Re5+ Kf8 70. Rd6 Rc4+ 71. Kf5 Kf7 72.
f4 Ra4 73. g5 hxg5 74. fxg5 1-0